| 000 | 00859cam a2200277 a 4500 | ||
|---|---|---|---|
| 001 | 000017678 | ||
| 005 | 20200929165206.0 | ||
| 008 | 760406s1965 mx a 000 f spa d | ||
| 035 | _a(DLC) 65076305 | ||
| 035 | _a(OCoLC)2097397 | ||
| 040 |
_aDO-SdBNP _cOAU _dOCoLC _dDLC |
||
| 042 | _apremarc | ||
| 082 |
_a843.9 _bL953a |
||
| 100 | 1 |
_aAub, Max, _d1903-1972. _913819 |
|
| 245 | 1 | 0 |
_aLuis Álvarez Petreña / _cMax Aub. |
| 260 |
_aMéxico : _bJoaquín Mortiz, _c1965. |
||
| 300 |
_a150 p. : _bil. ; _c19 cm. |
||
| 490 | 1 | _aObras incompletas | |
| 505 | 0 | _aLuis Álvarez Petreña -- Leonor -- Tibio | |
| 650 | 4 |
_aNovela francesa _91075 |
|
| 650 | 4 |
_aLiteratura francesa _ySIGLO XX _94232 |
|
| 800 | 1 |
_aAub, Max, _d1903-1972. _tObras incompletas. _938512 |
|
| 830 | 0 |
_aObras incompletas ; _938513 |
|
| 910 | _aCatalogación por copia / LC | ||
| 049 | _aBNGR | ||
| 999 |
_c17203 _d17203 |
||